| 000 | 00785nam a2200205 i 4500 | ||
|---|---|---|---|
| 001 | 161401 | ||
| 003 | ES-MaACL | ||
| 005 | 20250303062548.0 | ||
| 008 | 010213q1890 sp |||| | spa d | ||
| 100 | 1 |
_aPardo Bazán, Emilia, _cCondesa de, _d1851-1921 _9176434 |
|
| 245 | 1 | 4 |
_aLos pazos de Ulloa _b: novela / _cEmilia Pardo Bazán. |
| 250 | _a2ª ed. | ||
| 260 |
_aMadrid : _bAdministración calle de S. Bernardo, 37, _c[ca. 1890] ( _fImp. de la Comp. de Imp. y Libreros, a cargo de A. Avrial) |
||
| 300 |
_a355 p. ; _c19 cm. |
||
| 490 | 1 |
_aObras completas de Emilia Pardo Bazán ; _v3 |
|
| 830 | 0 |
_aObras completas de Emilia Pardo Bazán ; _v3 _9176456 |
|
| 852 |
_aES-MaACL _jB-4083 _z- Enc. pasta española, conservando cub. original |
||
| 942 | _2udc | ||
| 999 |
_c161401 _d161401 |
||